Top 5 Songs On A Hard Day's Night (The Beatles) - Statistics

General Stats
  • This quiz has been taken 22 times
  • The average score is 4 of 5
Answer Stats
Hint Answer % Correct
178,704,260 A Hard Day's Night
100%
129,707,305 Can't Buy Me Love
95%
127,078,165 And I Love Her
84%
62,878,423 If I Fell
79%
48,640,291 I Should Have Known Better
68%
No matching quizzes found
Score Distribution
Percent of People with Each Score
Percentile by Number Answered
Your Score History
You have not taken this quiz